Online katalóg knižníc regiónu Turca

Láska na francúzskom vidieku (Record no. 21240)

MARC details
000 -LEADER
fixed length control field 01802cam a2200457 4500
001 - CONTROL NUMBER
control field 21240
003 - CONTROL NUMBER IDENTIFIER
control field VRT
005 - DATE AND TIME OF LATEST TRANSACTION
control field 20260225105540.0
008 - FIXED-LENGTH DATA ELEMENTS--GENERAL INFORMATION
fixed length control field 221208s2022 xo g 010 f slo
015 ## - NATIONAL BIBLIOGRAPHY NUMBER
National bibliography number SNBA2023/03
020 ## - INTERNATIONAL STANDARD BOOK NUMBER
International Standard Book Number 9788080903800
Qualifying information (brožované)
039 #9 - LEVEL OF BIBLIOGRAPHIC CONTROL AND CODING DETAIL [OBSOLETE]
Level of rules in bibliographic description 202303200935
Level of effort used to assign nonsubject heading access points msnk176
Level of effort used to assign subject headings 202303200934
Level of effort used to assign classification msnk176
040 ## - CATALOGING SOURCE
Original cataloging agency SNK
Language of cataloging slo
Transcribing agency SNK
Description conventions rda
041 1# - LANGUAGE CODE
Language code of text/sound track or separate title slo
Language code of original eng
044 ## - COUNTRY OF PUBLISHING/PRODUCING ENTITY CODE
MARC country code xo
ISO country code SK
072 #7 - SUBJECT CATEGORY CODE
Subject category code 821.111-3
Subject category code subdivision Anglická próza, anglicky písaná
Source konspekt
080 ## - UNIVERSAL DECIMAL CLASSIFICATION NUMBER
Universal Decimal Classification number 821.111(94)-31
Edition identifier 2011
080 ## - UNIVERSAL DECIMAL CLASSIFICATION NUMBER
Universal Decimal Classification number 82-311.4
Edition identifier 2011
100 1# - MAIN ENTRY--PERSONAL NAME
Personal name Brownlee, Victoria,
Dates associated with a name 1985-
Relationship aut
240 10 - UNIFORM TITLE
Uniform title Brioche in the oven
Language of a work Slovensky
245 10 - TITLE STATEMENT
Title Láska na francúzskom vidieku
Remainder of title román o utešenej kaviarni, obchodíku s lahodnými syrmi a o nástrahách lásky v údolí rieky Loira
Statement of responsibility, etc. Victoria Brownlee ; knihu Brioche in the oven ... do slovenčiny preložila Martina Antošová
246 31 - VARYING FORM OF TITLE
Title proper/short title Román o utešenej kaviarni, obchodíku s lahodnými syrmi a o nástrahách lásky v údolí rieky Loira
250 ## - EDITION STATEMENT
Edition statement Vydanie 1.
264 #1 - PRODUCTION, PUBLICATION, DISTRIBUTION, MANUFACTURE, AND COPYRIGHT NOTICE
Place of production, publication, distribution, manufacture Bratislava
Name of producer, publisher, distributor, manufacturer GRADA Slovakia, s.r.o. - Metafora
Date of production, publication, distribution, manufacture, or copyright notice 2022
300 ## - PHYSICAL DESCRIPTION
Extent 304 strán
Dimensions 20 cm
336 ## - CONTENT TYPE
Content type term text
Content type code txt
Source rdacontent
337 ## - MEDIA TYPE
Media type term bez média
Media type code n
Source rdamedia
338 ## - CARRIER TYPE
Carrier type term zväzok
Carrier type code nc
Source rdacarrier
490 1# - SERIES STATEMENT
Series statement Za láskou
500 ## - GENERAL NOTE
General note Vydala Grada Slovakia, s.r.o. pod značkou Metafora
500 ## - GENERAL NOTE
General note Preložené z angličtiny
655 #7 - INDEX TERM--GENRE/FORM
Genre/form data or focus term austrálske romány
Source of term SNKPH
655 #7 - INDEX TERM--GENRE/FORM
Genre/form data or focus term spoločenské romány
Source of term SNKPH
655 #7 - INDEX TERM--GENRE/FORM
Genre/form data or focus term Australian fiction
Source of term SNKPHeng
655 #7 - INDEX TERM--GENRE/FORM
Genre/form data or focus term Society novels
Source of term SNKPHeng
700 1# - ADDED ENTRY--PERSONAL NAME
Personal name Antošová, Martina
Titles and other words associated with a name (prekladateľka)
Relationship trl
830 #0 - SERIES ADDED ENTRY--UNIFORM TITLE
Uniform title Za láskou
942 ## - ADDED ENTRY ELEMENTS (KOHA)
Source of classification or shelving scheme Dewey Decimal Classification
Koha item type Krásna literatúra pre dospelých
Suppress in OPAC No
949 ## - LOCAL PROCESSING INFORMATION (OCLC)
6 17A1516268
a snkSD 91180
b snk2022/18400
o 2023/2022
949 ## - LOCAL PROCESSING INFORMATION (OCLC)
6 17A1516269
a snkSD 91180 D1
b snk2022/18401
o 2023/2022
Holdings
Stav vyradenia Strata Poškodenie Spôsob nadobudnutia Domovská knižnica Aktuálna knižnica Dátum nadobudnutia Total checkouts Čiarový kód exemplára Date last seen Typ exemplára
      Dar Obecná knižnica Turčianska Štiavnička Obecná knižnica Turčianska Štiavnička 25.02.2026   4738000015 25.02.2026 Krásna literatúra pre dospelých
Projekt je podporený Slovenskou asociáciou knižníc
Prevádzkuje Turčianska knižnica Martin 2026